000 00647nam a2200193Ia 4500
001 113558
003 DR-UNIBE
005 20250506134248.0
008 250506b1997 dr ||||| |||| 00| 0 spa d
040 _aBIBLIOTECA UNIBE
_cBIBLIOTECA UNIBE
_erda
082 _aF-RD 5961
100 1 0 _aScheker Méndoza, Elka
_950522
_eautor
245 1 4 _aLas relaciones dominico-haitianas en el marco del Convenio de Lomé IV /
_cElka Scheker Mendoza
260 4 _aSanto Domingo :
_bPublicaciones ONAP ,
_c1997
300 4 _a57 páginas
651 _aRepública Dominicana
_xRelaciones exteriores
_zHaití
_914600
942 _cMX
_2ddc
951 _a20061022 10:18:00
999 _c113558
_d113558